书目信息 |
| 题名: |
城市道路设计手册
|
|
| 作者: | ;北京市市政设计院 编 | |
| 分册: | 上册 | |
| 出版信息: | 北京 中国建筑工业出版社 1985 |
|
| 页数: | 1357页 | |
| 开本: | 26cm | |
| 丛书名: | ||
| 单 册: | ||
| 中图分类: | TU948.19-62 | |
| 科图分类: | ||
| 主题词: | 地下工程--手册 , 地下建筑物--工程施工--手册 | |
| 电子资源: | ||
| ISBN: | ||
| 000 | 00751nam0 2200241 45 | |
| 001 | 0185018186 | |
| 005 | 20041224152321.5 | |
| 010 | @b精装@dCNY16.00 | |
| 091 | @aCN@b15040.4653 | |
| 100 | @a19901005d1985 em y0chiy0121 ea | |
| 101 | 0 | @achi |
| 102 | @aCN@b110000 | |
| 105 | @af z 000yy | |
| 200 | 10 | @a城市道路设计手册@Acheng shi dao lu she ji shou ce@h上册@f北京市市政设计院编@FBei Jing Shi Shi Zheng She Ji Yuan Bian |
| 210 | @a北京@c中国建筑工业出版社@d1985 | |
| 215 | @a1357页@c附图3幅@d26cm | |
| 606 | 0 | @a地下工程@x手册 |
| 606 | 0 | @a地下建筑物@x工程施工@x手册 |
| 690 | @aTU948.19-62@v3 | |
| 711 | 02 | @a北京市市政设计院@4编 |
| 801 | 0 | @aCN@b深圳图书馆@c20041224 |
| 801 | 2 | @aCN@bNLC@c20041224 |
| 905 | @f1@b203038@dTU948.19-62@e117:1 | |
| 城市道路设计手册.上册/北京市市政设计院编.-北京:中国建筑工业出版社,1985 |
| 1357页:附图3幅;26cm |
| ISBN (精装):CNY16.00 |
| ● |
| 相关链接 |
|
|
|
|
正题名:城市道路设计手册
索取号:TU948.19-62/117:1
 
预约/预借
| 序号 | 登录号 | 条形码 | 馆藏地/架位号 | 状态 | 备注 |
| 1 | 0148725 | 000561234 | 第二样本阅览室/ [索取号:TU948.19-62/117:1] | 在馆 | |
| 2 | 0203038 | 000561225 | 工具书阅览室/ [索取号:TU948.19-62/117:1] | 在馆 |